FC Lorient - Les joueurs à plus de 100 matchs - Statistiques

Statistiques générales
  • Ce quiz a été pris 388 fois
  • Le résultat moyen est 11 sur 24
Statistiques - réponses
Joueurs Matchs % Correct
Fabien Audard 352
87%
Vincent Le Goff 241
82%
Kévin Gameiro 120
76%
Jérémy Morel 264
61%
Fabien Lemoine 126
60%
Benjamin Lecomte 140
59%
Jérémie Aliadière 101
54%
Yann Jouffre 215
52%
Arnaud Le Lan 225
50%
Raphael Guerreiro 111
50%
Bruno Ecuele-Manga 129
46%
Lamine Koné 139
45%
Michael Ciani 130
40%
Morgan Amalfitano 121
40%
Jimmy Cabot 141
38%
Arnold Mvuemba 160
35%
Kévin Monnet-Paquet 155
35%
Pierre-Yves Hamel 133
34%
Yoane Wissa 128
34%
Wesley Lautoa 137
30%
Lamine Gassama 116
29%
Maxime Baca 130
26%
Grégory Bourillon 128
24%
Maxime Barthelmé 126
18%
Aucun quiz correspondant
Distribution des résultats
% des personnes avec chaque résultat
Percentile par nombre de réponses
Votre historique - résultats
Vous n’avez pas pris ce quiz